000 01036cam a2200265 4500
001 WB3933-05
008 030902n2003 000 0 eng u
035 _a(Sirsi) u123471
245 _aProposals to exploit 'energy crops'
260 _c2003
490 _aScottish Executive Press Release
_v 29 August 2003 (2)
520 _aScottish Executive published proposals to boost the use of bio-mass power in generating stations. The proposals will mainly benefit farmers who grow energy crops and operators of co-firing power stations - those that burn a combination of biomass and fossil fuels. http://www.scotland.gov.uk/pages/news/2003/08/SEEL054.aspx.
590 _aWB
650 _aSCOTTISH EXECUTIVE
650 _aRENEWABLE ENERGY
650 _aENERGY CROPS
650 _aFARMERS
650 _aCO-FIRING POWER STATIONS
650 _aBIOMASS FUELS
650 _aFOSSIL FUELS
650 _aRENEWABLES OBLIGATION
650 _aCONSULTATION PAPERS
690 _aENVIRONMENTAL AND LAND CONSULTANCY-ENERGY
942 _n0
999 _c73332
_d73332